[Event "MCR senioru 2013 - 50"]
[Site "?"]
[Date "2013.08.21"]
[Round "5.5"]
[White "Nemec, Otakar"]
[Black "Cvejn, Jaroslav"]
[Result "0-1"]
[WhiteElo "1919"]
[BlackElo "1746"]
[PlyCount "58"]
[EventDate "2013.??.??"]

1. e4 e5 2. Nf3 Nc6 3. Bb5 a6 4. Ba4 b5 5. Bb3 Bc5 6. O-O d6 7. c3 Bg4 8. h3
Bh5 9. d3 h6 10. Re1 Qf6 11. Nbd2 Nge7 12. g4 Bg6 13. Nf1 Nc8 14. a4 Rb8 15.
axb5 axb5 16. Be3 O-O 17. Kg2 Bxe3 18. Nxe3 Nb6 19. Nd5 Nxd5 20. Bxd5 Ne7 21.
Bb3 Bh7 22. Qd2 Ng6 23. Ra2 Nf4+ 24. Kg3 Rbc8 25. Ng1 h5 26. Qe3 hxg4 27. hxg4
Qh6 28. Qf3 g5 29. Qe3 Qh1 0-1

[Event "MCR senioru 2013 - 50"]
[Site "?"]
[Date "2013.08.21"]
[Round "5.6"]
[White "Korinkova, Eva"]
[Black "Habada, Jindrich"]
[Result "1/2-1/2"]
[WhiteElo "1775"]
[BlackElo "1886"]
[PlyCount "53"]
[EventDate "2013.??.??"]

1. e4 c5 2. Nc3 g6 3. f4 d6 4. Nf3 Bg7 5. Bb5+ Bd7 6. O-O Bxb5 7. Nxb5 Nc6 8.
d3 Nf6 9. Kh1 O-O 10. Nc3 Rb8 11. Ne2 b5 12. a3 a5 13. Qe1 b4 14. Qh4 Qd7 15.
f5 bxa3 16. Rxa3 a4 17. h3 Nb4 18. Bh6 Nxc2 19. Ng5 e5 20. Bxg7 Kxg7 21. fxg6
fxg6 22. Rxf6 Kxf6 23. Nxh7+ Kg7 24. Nxf8 Rxf8 25. Rc3 Ne3 26. Rc1 Qf7 27. Nc3
1/2-1/2

[Event "MCR senioru 2013 - 50"]
[Site "?"]
[Date "2013.08.21"]
[Round "5.7"]
[White "Plachetka, Milan"]
[Black "Mares, Ilja"]
[Result "1-0"]
[WhiteElo "1623"]
[BlackElo "1817"]
[PlyCount "99"]

1. e4 c5 2. Nf3 a6 3. d4 cxd4 4. Nxd4 e5 5. Nf3 Nf6 6. Bd3 Be7 7. O-O Nc6 8.
Nc3 O-O 9. a3 b5 10. Bg5 d6 11. Bxf6 Bxf6 12. Nd5 Bg4 13. c3 g6 14. h3 Be6 15.
Nxf6+ Qxf6 16. Qd2 Na5 17. Qg5 Qg7 18. Nd2 f6 19. Qe3 f5 20. exf5 gxf5 21. Qg3
Ra7 22. Qxg7+ Rxg7 23. f3 d5 24. Bc2 f4 25. Kh2 Kf7 26. Rae1 Rfg8 27. Rf2 Nc6
28. Nb3 Kf6 29. Nc5 Bc8 30. Rd1 Rd8 31. Rfd2 Rdg8 32. Rf2 d4 33. Be4 Na5 34.
cxd4 exd4 35. Rxd4 Nc4 36. Nd3 Ne3 37. Ne1 Be6 38. Bd3 Nd5 39. Re2 Rd7 40. Be4
Ne3 41. Rxd7 Bxd7 42. Bxh7 Re8 43. Be4 Be6 44. Bd3 Bb3 45. Kg1 Rc8 46. g4 Kg5
47. Ng2 Rc1+ 48. Re1 Rxe1+ 49. Nxe1 Kh4 50. Kh2 1-0

[Event "MCR senioru 2013 - 50"]
[Site "?"]
[Date "2013.08.21"]
[Round "5.8"]
[White "Peroutka, Ivo"]
[Black "Ruffer, Vaclav"]
[Result "1-0"]
[WhiteElo "1919"]
[BlackElo "1657"]
[PlyCount "29"]
[EventDate "2013.??.??"]

1. d4 Nf6 2. c4 e6 3. Nc3 d5 4. e3 c6 5. Nf3 Be7 6. Qc2 Nbd7 7. Be2 Qc7 8. b3
a6 9. O-O e5 10. cxd5 cxd5 11. dxe5 Nxe5 12. Bb2 Be6 13. Nxe5 Qxe5 14. Nb5 Qb8
15. Nc7+ 1-0

[Event "MCR senioru 2013 - 50"]
[Site "?"]
[Date "2013.08.21"]
[Round "5.9"]
[White "Hovad, Vaclav"]
[Black "Zoufaly, Petr"]
[Result "1/2-1/2"]
[WhiteElo "1698"]
[BlackElo "1716"]
[PlyCount "63"]
[EventDate "2013.??.??"]

1. d4 e6 2. c4 Nf6 3. Nc3 b6 4. Nf3 Bb7 5. e3 Be7 6. Bd3 O-O 7. O-O d5 8. cxd5
exd5 9. Re1 c6 10. Bd2 Nbd7 11. Rc1 Re8 12. Qc2 Nf8 13. a3 Bd6 14. Ne2 Ng6 15.
Bxg6 hxg6 16. Ng3 c5 17. dxc5 bxc5 18. b4 c4 19. Nd4 Ne4 20. Nxe4 Rxe4 21. Nf3
Bc6 22. Bc3 f6 23. Qb2 a6 24. g3 Qc7 25. Nh4 Rxh4 26. gxh4 Bxh2+ 27. Kf1 Kf7
28. Ke2 Rh8 29. Rh1 d4 30. Bxd4 Bxh1 31. Rxh1 Rxh4 32. Qc3 1/2-1/2

[Event "MCR senioru 2013 - 50"]
[Site "?"]
[Date "2013.08.21"]
[Round "5.10"]
[White "Zamarska, Dagmar"]
[Black "Papacek, Milos"]
[Result "1-0"]
[WhiteElo "1486"]
[BlackElo "1815"]
[PlyCount "104"]
[EventDate "2013.??.??"]

1. d4 Nf6 2. c4 d6 3. Nc3 g6 4. e4 Bg7 5. Nf3 O-O 6. Bd3 Nbd7 7. O-O Re8 8. Bg5
e5 9. Bxf6 Nxf6 10. dxe5 dxe5 11. c5 c6 12. b4 Qe7 13. Rc1 Bg4 14. h3 Bd7 15.
a3 Nh5 16. Ne2 Bh6 17. Rc2 Qf6 18. Bc4 Bxh3 19. Qd6 Qxd6 20. cxd6 Bd7 21. Nd2
Bf8 22. f4 Bxd6 23. Bxf7+ Kxf7 24. fxe5+ Ke6 25. exd6 Kxd6 26. Nc4+ Ke7 27. Ne5
Be6 28. Nd4 Rf8 29. Rd1 Rf4 30. Nxe6 Kxe6 31. Nc4 Rxe4 32. Nd6 Re3 33. Nxb7
Rxa3 34. Rxc6+ Kf5 35. Nd6+ Kg4 36. Kh2 Rf8 37. Rc4+ Rf4 38. Rxf4+ Nxf4 39. Rd4
a6 40. Ne8 Kg5 41. Nd6 h5 42. Nf7+ Kf5 43. Nh6+ Ke5 44. Rd7 Ra2 45. Nf7+ Ke6
46. Rb7 Rxg2+ 47. Kh1 Ra2 48. Ng5+ Kf5 49. Nf7 Kg4 50. Ne5+ Kg3 51. Nf3 Ra1+
52. Ng1 Nh3 1-0

[Event "MCR senioru 2013 - 60"]
[Site "?"]
[Date "2013.08.21"]
[Round "5.1"]
[White "Vorobyov, Yrij"]
[Black "Gasik, Piotr"]
[Result "1-0"]
[WhiteElo "2235"]
[BlackElo "2136"]
[PlyCount "115"]

1. Nf3 f5 2. c4 Nf6 3. Nc3 d6 4. d4 g6 5. e3 Bg7 6. Be2 O-O 7. O-O c6 8. b4 Na6
9. b5 Nc7 10. a4 Bd7 11. Ba3 Qe8 12. Rb1 h6 13. bxc6 bxc6 14. Rb7 Qc8 15. Qb3
Kh7 16. Qb2 Re8 17. Rb3 Be6 18. Rb1 Nd7 19. Qc2 Nb6 20. Nd2 Bf6 21. Bd3 Rg8 22.
a5 Nd7 23. e4 fxe4 24. Bxe4 d5 25. cxd5 Nxd5 26. Nf3 Qa6 27. Ne2 Rac8 28. Qd2
Rc7 29. Bc1 Bg7 30. Nh4 Nf8 31. Rg3 Bf7 32. Qc2 Bf6 33. Rh3 Bg7 34. Qd2 Rh8 35.
Rb8 Rc8 36. Bd3 Qxd3 37. Qxd3 Rxb8 38. Nf3 Kg8 39. Ne5 Be6 40. Rf3 Nb4 41. Qb1
Na6 42. Qc2 Bd5 43. Rg3 g5 44. Nxc6 Rb7 45. Ne5 Rc7 46. Qd2 Rh7 47. f4 Bf6 48.
h4 Ne6 49. hxg5 hxg5 50. fxg5 Nxg5 51. Rxg5+ Bxg5 52. Qxg5+ Rg7 53. Qe3 Rxg2+
54. Kf1 Rc2 55. Bd2 Rg7 56. Nf4 Ba2 57. Nh5 Bc4+ 58. Kf2 1-0

[Event "MCR senioru 2013 - 60"]
[Site "?"]
[Date "2013.08.21"]
[Round "5.2"]
[White "Kotva, Milan"]
[Black "Mlynek, Petr"]
[Result "0-1"]
[WhiteElo "1970"]
[BlackElo "2192"]
[PlyCount "71"]

1. e4 c6 2. d4 d5 3. e5 Bf5 4. Nc3 h5 5. Be2 e6 6. h4 Be7 7. Nf3 c5 8. Be3 Nh6
9. dxc5 Ng4 10. Bd4 Nd7 11. b4 a6 12. Bd3 Bxd3 13. Qxd3 a5 14. Rb1 axb4 15.
Rxb4 O-O 16. Rxb7 Nxc5 17. Bxc5 Bxc5 18. O-O g6 19. Ne2 Qc8 20. Rb2 Qc7 21. Rb5
Rfc8 22. Nf4 Kg7 23. Ng5 Qxe5 24. Ngxe6+ Kg8 25. Nxc5 Qxf4 26. g3 Qe5 27. Nd7
Qe8 28. Rxd5 Rxa2 29. Nb6 Rb8 30. Nc4 Qa4 31. Rd8+ Rxd8 32. Qxd8+ Kg7 33. Qd4+
Kg8 34. Rb1 Qa7 35. Qf4 Rxc2 36. Rb8+ 0-1

[Event "MCR senioru 2013 - 60"]
[Site "?"]
[Date "2013.08.21"]
[Round "5.3"]
[White "Furman, Boris"]
[Black "Trojan, Lubos"]
[Result "1/2-1/2"]
[WhiteElo "2164"]
[BlackElo "2016"]
[PlyCount "82"]

1. d4 Nf6 2. c4 e6 3. Nc3 Bb4 4. Nf3 O-O 5. Bg5 d5 6. e3 c6 7. cxd5 Qa5 8. Bxf6
Bxc3+ 9. bxc3 Qxc3+ 10. Nd2 gxf6 11. dxe6 Bxe6 12. Be2 Qa5 13. O-O Nd7 14. Bd3
Kh8 15. f4 f5 16. Nf3 Nf6 17. Nh4 Rg8 18. Qc2 Rae8 19. Bxf5 Bd5 20. Rfe1 Be4
21. Bxe4 Rxe4 22. Nf3 Rge8 23. Ne5 Qd5 24. Rab1 Re7 25. Qf2 Nd7 26. Qh4 Re8 27.
Rxb7 Nxe5 28. dxe5 Ra4 29. Rb2 Rxa2 30. Rxa2 Qxa2 31. Qf6+ Kg8 32. Qxc6 Re6 33.
Qe4 Qa5 34. Rd1 Qc5 35. Qd4 Qc2 36. Qd2 Qc6 37. Qd5 Qc3 38. Qe4 a5 39. h3 a4
40. Rd7 Rg6 41. f5 Qe1+ 1/2-1/2

[Event "MCR senioru 2013 - 60"]
[Site "?"]
[Date "2013.08.21"]
[Round "5.4"]
[White "Just, Pavel"]
[Black "Novotny, Josef"]
[Result "1/2-1/2"]
[WhiteElo "1994"]
[BlackElo "2129"]
[PlyCount "91"]

1. e4 e6 2. d4 d6 3. Nf3 Nf6 4. Bd3 Nc6 5. c3 g6 6. O-O Bg7 7. Qe2 e5 8. dxe5
Nxe5 9. Nxe5 dxe5 10. Be3 O-O 11. Rd1 Qe7 12. f3 Nh5 13. Bc4 Kh8 14. Qf2 b6 15.
g4 Nf4 16. Bxf4 exf4 17. Re1 Bb7 18. Nd2 Rad8 19. Rad1 Bf6 20. Rf1 Bh4 21. Qe2
Qc5+ 22. Kg2 Qe3 23. Nb3 Kg7 24. Nd4 Kf6 25. Nc2 Qxe2+ 26. Bxe2 Ke5 27. Nb4 Kf6
28. Rxd8 Rxd8 29. Rd1 Rxd1 30. Bxd1 c5 31. Nd3 Bg5 32. Be2 Ke6 33. Nf2 Bf6 34.
Bc4+ Ke7 35. Nd3 g5 36. h4 h6 37. h5 Bc6 38. Bb3 Be8 39. Bd5 Kd6 40. c4 b5 41.
b3 Bd4 42. Kf1 f6 43. Ke2 a5 44. cxb5 Bxb5 45. a4 Be8 46. Bc4 1/2-1/2

[Event "MCR senioru 2013 - 60"]
[Site "?"]
[Date "2013.08.21"]
[Round "5.5"]
[White "Hlavac, Frantisek"]
[Black "Juricek, Stanislav"]
[Result "1-0"]
[WhiteElo "2011"]
[BlackElo "2101"]
[PlyCount "83"]

1. e4 e5 2. Bc4 Nf6 3. d3 c6 4. Nf3 d5 5. Bb3 Nbd7 6. O-O Be7 7. exd5 Nxd5 8.
Re1 f6 9. d4 exd4 10. Qxd4 N7b6 11. c4 Nc7 12. Qe4 Ne6 13. Be3 Kf8 14. Nc3 c5
15. Rad1 Qe8 16. Nd5 Qc6 17. Nh4 Bd8 18. Nf5 g6 19. Bh6+ Kf7 20. Ng3 Re8 21.
Qd3 Nd4 22. Bc1 Bd7 23. Qd2 Be6 24. Qh6 Kg8 25. h4 Bf7 26. h5 a5 27. Rxe8+ Qxe8
28. Qd2 a4 29. Bc2 Nxc4 30. Qc3 Bxd5 31. Bb1 b6 32. hxg6 hxg6 33. b3 axb3 34.
axb3 Ne5 35. b4 Be7 36. Re1 Kf7 37. f4 Nec6 38. b5 Nxb5 39. Qd3 Nbd4 40. Qxg6+
Kf8 41. Qh6+ Kg8 42. Bh7+ 1-0

[Event "MCR senioru 2013 - 60"]
[Site "?"]
[Date "2013.08.21"]
[Round "5.6"]
[White "Drabek, Miloslav"]
[Black "Most, Zdenek"]
[Result "1/2-1/2"]
[WhiteElo "1990"]
[BlackElo "2046"]
[PlyCount "40"]

1. d4 Nf6 2. Nf3 d5 3. c4 g6 4. g3 Bg7 5. Bg2 O-O 6. cxd5 Nxd5 7. O-O c6 8. Nc3
Nd7 9. e4 Nxc3 10. bxc3 Nb6 11. Qc2 Be6 12. Re1 Bc4 13. Nd2 Ba6 14. Nb3 e5 15.
Rd1 Qc7 16. Nc5 Bc4 17. Rb1 Rab8 18. Be3 Rfd8 19. f4 f6 20. Bh3 Re8 1/2-1/2

[Event "MCR senioru 2013 - 60"]
[Site "?"]
[Date "2013.08.21"]
[Round "5.7"]
[White "Papan, Cyril"]
[Black "Chmelik, Jiri"]
[Result "1-0"]
[WhiteElo "2034"]
[BlackElo "2002"]
[PlyCount "135"]

1. d4 Nf6 2. c4 e6 3. Nf3 b6 4. a3 Bb7 5. Nc3 d5 6. cxd5 Nxd5 7. e3 Be7 8. Bb5+
c6 9. Bd3 O-O 10. e4 Nxc3 11. bxc3 c5 12. Bf4 cxd4 13. cxd4 Nc6 14. Be3 Na5 15.
O-O Rc8 16. Qe2 Rc3 17. a4 Qa8 18. Bd2 Rxd3 19. Qxd3 Bxe4 20. Qe2 Nb3 21. Rad1
Bxf3 22. Qxf3 Qxf3 23. gxf3 Nxd4 24. Kg2 e5 25. Rfe1 Bf6 26. f4 exf4 27. Bxf4
Ne6 28. Be3 Re8 29. Kf1 Rc8 30. Rd7 g5 31. Rxa7 Bd8 32. Rb1 Nf4 33. Bxf4 gxf4
34. Kg2 Kg7 35. Rb4 Rc6 36. Rxf4 Bc7 37. Rg4+ Kf6 38. Rh4 Kg6 39. Re4 Bd6 40.
Ra6 Kf5 41. Rh4 Bc5 42. Rxh7 Rg6+ 43. Kf3 Rf6 44. Ke2 Kg6 45. Rh3 Rxf2+ 46. Kd3
Ra2 47. Kc4 Bf2 48. Kb3 Ra1 49. Rf3 Bd4 50. Ra8 f6 51. Rg8+ Kf7 52. Rg4 Be5 53.
h4 Bd6 54. Rc3 Be5 55. Rc2 Bd6 56. Rcc4 Rh1 57. Rc3 Rb1+ 58. Kc2 Rh1 59. Rb3
Bc5 60. Rb5 Ra1 61. Kb2 Rg1 62. Rxg1 Bxg1 63. Kc2 Kg6 64. Kd3 f5 65. h5+ Kxh5
66. Rxf5+ Kg6 67. Rf3 Bh2 68. Kc4 1-0

[Event "MCR senioru 2013 - 60"]
[Site "?"]
[Date "2013.08.21"]
[Round "5.8"]
[White "Jablecnik, Gustav"]
[Black "Pavlis, Jaromir"]
[Result "1/2-1/2"]
[WhiteElo "2112"]
[BlackElo "1996"]
[PlyCount "90"]

1. e4 d6 2. d4 Nf6 3. Nc3 g6 4. Bc4 Bg7 5. Qe2 Nfd7 6. Nf3 c5 7. Bxf7+ Kxf7 8.
Ng5+ Ke8 9. Qc4 Ne5 10. dxe5 Bxe5 11. f4 Bf6 12. e5 Bxg5 13. fxg5 dxe5 14. Qxc5
Nc6 15. Bd2 Qd6 16. Qe3 Qd4 17. O-O-O Bg4 18. Rde1 Qxe3 19. Rxe3 Rd8 20. h3 Bc8
21. Rhe1 Rf8 22. Nd1 Rd5 23. g4 Rf7 24. c4 Rd4 25. b3 Rdf4 26. Kc2 Rf1 27. Kc3
Rxe1 28. Bxe1 Rf1 29. Nf2 b6 30. Nd3 Rh1 31. b4 Rh2 32. b5 Nd8 33. a4 e4 34.
Nf2 Bb7 35. a5 Ne6 36. axb6 axb6 37. Kb4 Nc5 38. Kc3 e5 39. Kd2 Rg2 40. Ke2 Rg1
41. h4 Kf7 42. h5 gxh5 43. Rh3 Ne6 44. Bd2 Nd4+ 45. Ke3 Nc2+ 1/2-1/2

[Event "MCR senioru 2013 - 60"]
[Site "?"]
[Date "2013.08.21"]
[Round "5.9"]
[White "Innemann, Frantisek"]
[Black "Uhmann, Jan"]
[Result "0-1"]
[WhiteElo "1919"]
[BlackElo "2137"]
[PlyCount "152"]
[EventDate "2013.??.??"]

1. e4 c6 2. d4 d5 3. exd5 cxd5 4. c3 Nf6 5. Nf3 Nc6 6. Be2 e6 7. Bg5 Be7 8. O-O
O-O 9. Nbd2 b6 10. Re1 Bb7 11. Bd3 h6 12. Bh4 Re8 13. Bc2 a6 14. Nf1 Nd7 15.
Bxe7 Rxe7 16. Qd3 Nf8 17. h3 b5 18. a3 Rc8 19. N1h2 f5 20. Re2 g5 21. Rae1 Qd7
22. g3 Rc7 23. Qd1 Rg7 24. Ne5 Nxe5 25. Rxe5 Bc8 26. Qh5 Qf7 27. Qxf7+ Rcxf7
28. R5e2 h5 29. Nf3 Rf6 30. h4 gxh4 31. Nxh4 Ng6 32. Nxg6 Rgxg6 33. Kh2 Rh6 34.
Rh1 Bd7 35. Kg2 Kf8 36. Bd1 Rfg6 37. Re5 h4 38. Bf3 hxg3 39. Rxh6 Rxh6 40. fxg3
Rg6 41. Kf2 Rg7 42. Be2 Ke7 43. Bf3 Kd6 44. Re1 Rg8 45. Be2 a5 46. b4 axb4 47.
axb4 Ra8 48. Bf1 Ra3 49. Re3 Be8 50. Kf3 Ra1 51. Kf2 Rc1 52. Be2 Ke7 53. Kg2
Kf6 54. Bf3 Rc2+ 55. Kh3 Bd7 56. Be2 Kg5 57. Bd1 Rd2 58. Bf3 Rf2 59. Bg2 Rc2
60. Bf3 f4 61. Re5+ Kf6 62. gxf4 Rxc3 63. Kg4 Rc4 64. Rh5 Rxd4 65. Rh7 Bc8 66.
Rc7 Rc4 67. Rc5 e5+ 68. Rxc8 Rxc8 69. Bxd5 Rd8 70. fxe5+ Kxe5 71. Bc6 Rd4+ 72.
Kf3 Rxb4 73. Ke3 Rb3+ 74. Kd2 Kd4 75. Bh1 Rb2+ 76. Kc1 Kc3 0-1

[Event "MCR senioru 2013 - 60"]
[Site "?"]
[Date "2013.08.21"]
[Round "5.10"]
[White "Havrlik, Pavel"]
[Black "Vlacil, Vladimir"]
[Result "0-1"]
[WhiteElo "1900"]
[BlackElo "2058"]
[PlyCount "108"]

1. c4 Nf6 2. Nc3 g6 3. g3 Bg7 4. Bg2 O-O 5. e4 d6 6. Nge2 c5 7. O-O Nc6 8. d4
cxd4 9. Nxd4 Nxd4 10. Qxd4 Ng4 11. Qd3 Ne5 12. Qe2 Be6 13. Nd5 Rc8 14. Bg5 Re8
15. Rac1 Nc6 16. Be3 Bd7 17. Qd2 b6 18. h3 Ne5 19. b3 Bxh3 20. f3 Bd7 21. a4 e6
22. Nf4 Qc7 23. Rcd1 Bf8 24. Nd3 Nxd3 25. Qxd3 Bc6 26. Bc1 Red8 27. Bb2 Bg7 28.
Bxg7 Kxg7 29. Qd4+ Kg8 30. Qf6 Rd7 31. f4 Qd8 32. Qxd8+ Rcxd8 33. Rd2 Kf8 34.
g4 Ke7 35. Re1 Rg8 36. Kf2 h5 37. g5 e5 38. Ke3 f6 39. Bh3 fxg5 40. fxg5 Rdd8
41. Rf1 Rgf8 42. Rdf2 Rxf2 43. Rxf2 Rf8 44. Rxf8 Kxf8 45. Kf3 a5 46. Be6 Ke7
47. Bd5 Bd7 48. Kg3 Bg4 49. Bc6 Bd1 50. Bb5 Bxb3 51. Kf3 Bd1+ 52. Kg3 Bg4 53.
Kh4 Bd7 54. Kg3 Bxb5 0-1

[Event "MCR senioru 2013 - 60"]
[Site "?"]
[Date "2013.08.21"]
[Round "5.11"]
[White "Klimes, Jiri"]
[Black "Zboril, Jaroslav"]
[Result "1-0"]
[WhiteElo "1898"]
[BlackElo "1979"]
[PlyCount "99"]

1. e4 d6 2. d4 Nf6 3. Nc3 e5 4. dxe5 dxe5 5. Qxd8+ Kxd8 6. Nf3 Bd6 7. Bg5 Be6
8. O-O-O Ke7 9. Nd5+ Bxd5 10. exd5 h6 11. Bxf6+ Kxf6 12. Bd3 Nd7 13. Nd2 g6 14.
a3 Kg7 15. b4 a5 16. Nc4 axb4 17. Nxd6 cxd6 18. axb4 Rhc8 19. Kb2 Nb6 20. Kb3
f5 21. c4 Ra7 22. Ra1 Rca8 23. Rxa7 Rxa7 24. Rc1 Ra8 25. Bf1 Kf6 26. c5 Nxd5
27. Rd1 Ne7 28. Rxd6+ Kf7 29. Rd7 Rb8 30. b5 Ke8 31. Rd2 Rd8 32. Rxd8+ Kxd8 33.
Kc4 Kd7 34. f3 g5 35. Bd3 h5 36. g4 hxg4 37. fxg4 e4 38. Be2 fxg4 39. Bxg4+ Kc7
40. Kd4 b6 41. c6 Nxc6+ 42. bxc6 Kxc6 43. Kxe4 Kd6 44. Kf5 Ke7 45. Kg6 Kf8 46.
Be6 b5 47. Ba2 b4 48. Bc4 g4 49. Bb3 Ke7 50. Kg7 1-0

[Event "MCR senioru 2013 - 60"]
[Site "?"]
[Date "2013.08.21"]
[Round "5.12"]
[White "Haderka, Karel"]
[Black "Tejkal, Jiri"]
[Result "0-1"]
[WhiteElo "1871"]
[BlackElo "1953"]
[PlyCount "72"]
[EventDate "2013.??.??"]

1. c4 Nf6 2. Nc3 g6 3. g3 Bg7 4. Bg2 O-O 5. e3 d6 6. Nge2 e5 7. d4 Nbd7 8. O-O
c6 9. b4 Qc7 10. Rb1 a6 11. Qb3 Rb8 12. b5 axb5 13. cxb5 c5 14. Ba3 b6 15. Nd5
Nxd5 16. Bxd5 Nf6 17. Bc6 Bf5 18. Rbc1 Be4 19. d5 Bf3 20. Nf4 exf4 21. exf4 Be4
22. f3 Bf5 23. Rfe1 Qd8 24. Re3 Bd7 25. Bb2 Re8 26. Rce1 Rxe3 27. Rxe3 Bxc6 28.
dxc6 d5 29. Be5 Ra8 30. g4 d4 31. Rd3 Nd5 32. Qb2 Bxe5 33. fxe5 Nf4 34. Ra3
Rxa3 35. Qxa3 d3 36. Qa7 d2 0-1

[Event "MCR senioru 2013 - 60"]
[Site "?"]
[Date "2013.08.21"]
[Round "5.13"]
[White "Sibl, Vaclav"]
[Black "Zeman, Ladislav"]
[Result "1-0"]
[WhiteElo "1948"]
[BlackElo "1900"]
[PlyCount "125"]
[EventDate "2013.??.??"]

1. d4 d5 2. Bf4 c6 3. e3 e6 4. c4 dxc4 5. Bxc4 Nd7 6. Nf3 Bb4+ 7. Nbd2 Nb6 8.
Bb3 Nf6 9. O-O Nbd5 10. Be5 Bxd2 11. Qxd2 O-O 12. a3 Ng4 13. Bg3 Ngf6 14. Qd3
Ne7 15. Bc2 g6 16. Bf4 Nh5 17. e4 f6 18. Qe3 Rf7 19. Rad1 Qf8 20. g4 Ng7 21.
Bb3 Kh8 22. Rfe1 Ng8 23. Qc3 g5 24. Bg3 h5 25. gxh5 Nxh5 26. d5 exd5 27. exd5
Nxg3 28. fxg3 Qg7 29. dxc6 Rc7 30. Rd8 Rxc6 31. Qd4 Be6 32. Rxa8 Bxb3 33. Rd8
a6 34. Rd7 Qg6 35. Qd3 Qxd3 36. Rxd3 Bc2 37. Rc3 Rxc3 38. bxc3 Bb3 39. Nd4 Bd5
40. Nf5 Kh7 41. Kf2 Kg6 42. g4 Bc6 43. Ke3 a5 44. Kd4 Bf3 45. h3 Nh6 46. Re3
Bg2 47. Ne7+ Kg7 48. Kc5 f5 49. gxf5 Kf6 50. Kb6 Nxf5 51. Nxf5 Kxf5 52. c4 Kf4
53. Rc3 a4 54. c5 Bc6 55. Kc7 Bd5 56. Kd6 Bc6 57. Ke6 g4 58. Rc4+ Kg3 59. hxg4
Kh4 60. Kf6 Bd5 61. Rd4 Bc6 62. g5+ Kh5 63. g6 1-0

[Event "MCR senioru 2013 - 60"]
[Site "?"]
[Date "2013.08.21"]
[Round "5.14"]
[White "Rucka, Alois"]
[Black "Truksa, Vaclav"]
[Result "1-0"]
[WhiteElo "1943"]
[BlackElo "1871"]
[PlyCount "95"]

1. Nf3 Nf6 2. d4 g6 3. g3 Bg7 4. Bg2 O-O 5. O-O d6 6. c4 Nbd7 7. Nc3 c6 8. e4
e5 9. h3 Re8 10. Be3 h5 11. Re1 Nf8 12. Qd2 Kh7 13. Rad1 Qc7 14. dxe5 dxe5 15.
Bc5 N6d7 16. Bd6 Qd8 17. Nh2 Nb6 18. b3 Be6 19. Nf3 f6 20. Qe3 Qc8 21. Kh2 g5
22. Ng1 Ng6 23. Bf3 g4 24. hxg4 Bxg4 25. Kg2 h4 26. Bxg4 Qxg4 27. f3 Qg5 28.
Qxg5 fxg5 29. Nh3 Bh6 30. Bc5 Rad8 31. Be3 Rxd1 32. Rxd1 g4 33. Ng5+ Bxg5 34.
Bxg5 gxf3+ 35. Kxf3 Rf8+ 36. Kg2 Kg7 37. Rh1 Rh8 38. Nd1 Nd7 39. Ne3 Nc5 40.
Nf5+ Kf8 41. Kf3 Ne6 42. Be3 b6 43. Rd1 c5 44. Rd6 Kf7 45. Rd7+ Ke8 46. Rxa7
Rf8 47. Kg2 Nd4 48. Nd6+ 1-0

[Event "MCR senioru 2013 - 60"]
[Site "?"]
[Date "2013.08.21"]
[Round "5.15"]
[White "Vlachopulos, Elefteris"]
[Black "Dolezal, Radoslav"]
[Result "0-1"]
[WhiteElo "1725"]
[BlackElo "1927"]
[PlyCount "58"]
[EventDate "2013.??.??"]

1. d4 d5 2. Nf3 g6 3. c4 c6 4. Nc3 Nf6 5. Qc2 Bg7 6. e4 dxe4 7. Nxe4 Nbd7 8.
Bd3 Nxe4 9. Bxe4 Nf6 10. Bd3 Bg4 11. Ne5 Qxd4 12. Nxg4 Nxg4 13. O-O O-O 14. h3
Ne5 15. Be2 Rfd8 16. Be3 Qh4 17. Rad1 e6 18. b4 Nd7 19. Rd2 Nb6 20. Rfd1 Rxd2
21. Qxd2 Nxc4 22. Bxc4 Qxc4 23. Qd7 Qxb4 24. a3 Qb5 25. a4 Qb4 26. Qc7 Qxa4 27.
Rd8+ Rxd8 28. Qxd8+ Bf8 29. Bc5 Qa1+ 0-1

[Event "MCR senioru 2013 - 60"]
[Site "?"]
[Date "2013.08.21"]
[Round "5.16"]
[White "Fiser, Jiri"]
[Black "Pop, Ladislav"]
[Result "1-0"]
[WhiteElo "1970"]
[BlackElo "1731"]
[PlyCount "65"]
[EventDate "2013.??.??"]

1. e4 e5 2. Nf3 Nc6 3. Bb5 a6 4. Ba4 Nf6 5. d3 b5 6. Bb3 Be7 7. O-O O-O 8. c3
d6 9. Nbd2 Bg4 10. h3 Bh5 11. Re1 Na5 12. Bc2 c5 13. Nf1 Qc7 14. Ne3 Rfd8 15.
g4 Bg6 16. g5 Nh5 17. Nd5 Qb7 18. Nh4 Bf8 19. Bd2 Nc6 20. Qg4 Ne7 21. Bb3 c4
22. dxc4 bxc4 23. Bxc4 Qxb2 24. Be3 Nxd5 25. Bxd5 Rab8 26. c4 Qa3 27. Rab1 Rxb1
28. Rxb1 Qxa2 29. Rb7 Qa5 30. Nxg6 hxg6 31. Bxf7+ Kh8 32. Bxg6 Nf4 33. Qh4+ 1-0

[Event "MCR senioru 2013 - 60"]
[Site "?"]
[Date "2013.08.21"]
[Round "5.17"]
[White "Jirasek, Jiri"]
[Black "Dusbaba, Petr"]
[Result "0-1"]
[WhiteElo "1952"]
[BlackElo "1831"]
[PlyCount "82"]

1. d4 Nf6 2. c4 g6 3. Nc3 d5 4. Nf3 Bg7 5. e3 O-O 6. Qb3 dxc4 7. Bxc4 c5 8. d5
Re8 9. O-O b6 10. Ne5 Ba6 11. Rd1 Bxc4 12. Qxc4 a6 13. a4 Qd6 14. f4 Nfd7 15.
Ne4 Qc7 16. Nxf7 b5 17. Qa2 c4 18. Nfg5 Nc5 19. Nxc5 Qxc5 20. Ne6 Qb6 21. axb5
Nd7 22. bxa6 Rec8 23. Nxg7 Kxg7 24. Rd4 Nc5 25. Rxc4 Rxa6 26. Qxa6 Nxa6 27.
Rxc8 Nc5 28. Rc6 Qb4 29. Kf2 Nb3 30. Rca6 Nxc1 31. Kf3 Qxb2 32. Ke4 Qb4+ 33.
Ke5 Qc3+ 34. Ke6 Qxe3+ 35. Kd7 Nb3 36. Re6 Nc5+ 37. Kxe7 Nxe6 38. dxe6 Qxf4 39.
Ra7 Qb8 40. Ra2 Qc7+ 41. Ke8 Kf6 0-1

[Event "MCR senioru 2013 - 60"]
[Site "?"]
[Date "2013.08.21"]
[Round "5.18"]
[White "Gasik, Jadwiga"]
[Black "Wiedermann, Jan"]
[Result "1-0"]
[WhiteElo "1939"]
[BlackElo "1787"]
[PlyCount "75"]

1. e4 c5 2. c3 e6 3. d4 cxd4 4. cxd4 d5 5. e5 Bb4+ 6. Bd2 Ba5 7. Qa4+ Nc6 8.
Bb5 Bxd2+ 9. Nxd2 Nge7 10. Ne2 Bd7 11. O-O a6 12. Bxc6 bxc6 13. Qc2 Qb6 14. Nb3
Rb8 15. Rab1 O-O 16. Nc5 Rfd8 17. h3 a5 18. Kh2 Bc8 19. f4 Nf5 20. Rf3 Ba6 21.
Nxa6 Qxa6 22. g4 Nh4 23. Rc3 Rb6 24. Kg3 Ng6 25. h4 Rdb8 26. h5 Ne7 27. Ng1 a4
28. Nf3 h6 29. f5 exf5 30. gxf5 Nxf5+ 31. Qxf5 Rxb2 32. Rxb2 Rxb2 33. Rc2 a3
34. e6 Qb7 35. Ne5 f6 36. Nxc6 Qc7+ 37. Kf3 Qd6 38. e7 1-0

[Event "MCR senioru 2013 - 60"]
[Site "?"]
[Date "2013.08.21"]
[Round "5.19"]
[White "Lexa, Vaclav"]
[Black "Gunnarsson, Leif"]
[Result "1-0"]
[WhiteElo "1890"]
[BlackElo "1831"]
[PlyCount "69"]
[EventDate "2013.??.??"]

1. d4 Nf6 2. c4 e5 3. dxe5 Ng4 4. e4 Nxe5 5. f4 Nec6 6. Be3 Be7 7. Nf3 O-O 8.
Be2 d6 9. O-O Nd7 10. Nc3 Nf6 11. h3 a6 12. Qe1 Re8 13. Rd1 Nd7 14. Bd3 Bf6 15.
Bc2 Bxc3 16. bxc3 Qe7 17. Nd4 Nf6 18. Nxc6 bxc6 19. e5 dxe5 20. Qf2 e4 21. Bd4
Bf5 22. Qe3 h5 23. Rfe1 Nd7 24. c5 Nf6 25. Qg3 g6 26. Qg5 Nd5 27. Qh6 f6 28. g4
hxg4 29. hxg4 Bxg4 30. Rxe4 Qg7 31. Qxg7+ Kxg7 32. Rde1 Rxe4 33. Bxe4 Re8 34.
Kf2 Kf7 35. Bxg6+ 1-0

[Event "MCR senioru 2013 - 60"]
[Site "?"]
[Date "2013.08.21"]
[Round "5.20"]
[White "Majerik, Vladimir"]
[Black "Rychtecky, Pavel"]
[Result "1/2-1/2"]
[WhiteElo "1887"]
[BlackElo "1741"]
[PlyCount "102"]

1. d4 Nf6 2. Nf3 e6 3. Bg5 d5 4. e3 Nbd7 5. Bd3 Be7 6. Nbd2 O-O 7. c3 b6 8. O-O
Bb7 9. Rc1 c5 10. Bb1 h6 11. Bh4 Re8 12. Re1 Ne4 13. Bxe7 Qxe7 14. Nxe4 dxe4
15. Nd2 f5 16. a3 Rac8 17. Qe2 Nf6 18. f3 exf3 19. Nxf3 g5 20. Ba2 Kg7 21. Ne5
Nd7 22. Nxd7 Qxd7 23. Rcd1 Qc7 24. Rf1 Be4 25. Rd2 c4 26. Bb1 Bxb1 27. Rxb1 b5
28. Rf1 Rcd8 29. Qf3 g4 30. Qf4 Qxf4 31. exf4 Rd6 32. Re2 Rd5 33. Rfe1 Kf7 34.
Re5 a6 35. Kf2 Rd6 36. Kg3 Rg8 37. Rc5 Kf6 38. Ree5 Rb8 39. Kf2 Kg6 40. Ke2
Rdb6 41. d5 exd5 42. Rcxd5 Rf6 43. Ke3 Rbb6 44. Kd4 Rbc6 45. g3 h5 46. Re7 Rfe6
47. Rxe6+ Rxe6 48. Re5 Rd6+ 49. Rd5 Re6 50. Re5 Rd6+ 51. Rd5 Re6 1/2-1/2

[Event "MCR senioru 2013 - 70"]
[Site "?"]
[Date "2013.08.21"]
[Round "4.1"]
[White "Macura, Emil"]
[Black "Jacek, Miloslav"]
[Result "0-1"]
[WhiteElo "1944"]
[BlackElo "2030"]
[PlyCount "96"]

1. d4 c5 2. e3 e6 3. Nf3 Nf6 4. Bd3 b6 5. O-O Bb7 6. b3 cxd4 7. Nxd4 e5 8. Nf5
g6 9. Ng3 Bg7 10. Bb2 Nc6 11. f4 d6 12. Nd2 O-O 13. Nf3 Qe7 14. fxe5 dxe5 15.
e4 Rfd8 16. Qe2 Nd7 17. a4 Nc5 18. Ba3 Bc8 19. Bb5 Nd4 20. Nxd4 exd4 21. Rad1
Be6 22. Qf3 Rac8 23. Ne2 Qg5 24. Bc1 Qh4 25. Ng3 Be5 26. Rde1 Rc7 27. Bf4 Bxf4
28. Qxf4 Qxf4 29. Rxf4 a6 30. Bf1 d3 31. cxd3 Nxd3 32. Rd1 Rcd7 33. Bxd3 Rxd3
34. Rxd3 Rxd3 35. b4 Rd4 36. Ne2 Rxb4 37. Nc3 Rc4 38. Rf3 Bd7 39. Nd5 Bxa4 40.
Rf6 Rxe4 41. Rxb6 Re6 42. Rb8+ Kg7 43. Nc3 Bc2 44. Kf2 Rc6 45. Nd5 a5 46. Ke3
a4 47. Ra8 Bb3 48. Nc3 Rxc3+ 0-1